000 00761nam a2200217 i 4500
001 177205
003 ES-MaACL
005 20230906220257.0
008 110308s1948 sp o |||| | spa d
080 _a726.6(460.224 Z.)
100 0 _aAbbad-Jaime de Aragón Ríos, Francisco,
_917993
245 1 3 _aLa Seo y El Pilar de Zaragoza /
_cpor F. Abbad Ríos.
260 _aMadrid :
_bPlus-Ultra,
_c[1948?]
300 _a158 p. :
_bfot. bl. y n. ;
_c22 cm.
490 1 _aLos monumentos cardinales de España ;
_v5
610 2 4 _aCatedral de Zaragoza.
_9190372
651 4 _aZaragoza-
_xEdificios, estructuras, etc.
_9153697
830 0 _aLos monumentos cardinales de España ;
_v5
_9190368
852 _aES-MaACL
_jE-14618
_xOlim P-1021
999 _c177205
_d177205